00858 2200289 4500001002100000005001500021035002000036245011200056100001700168250000900185300003400194006001800228007000300246008004100249700003300290700003000323260003000353082001000383084001600393020002200409650001600431504002500447990002400472990002400496990002400520990002400544INLIS00000000000250520260601054646 a0010-02200003561 aAplikasi Kominikasi Terapeutik Nursing Dan Health /cAbdul Muhith, Sandu Siyoto.; Editor, Ratih Indah Utami0 aAbdul Muhith aEd.1 axiv 385 hlm :bilus. ;c23 cma ta260601 0 0 aPengarang Ke-2, Sandu Siyoto0 aEditor, Ratih Indah Utami aYogyakarta :bAndi,c2018 a302.2 a302.2 ABD a a978-979-29-6816-3 4aIlmu Sosial aBibliografi, hlm 387 a33.767/DAK/DPK/2019 a33.768/DAK/DPK/2019 a33.769/DAK/DPK/2019 a33.770/DAK/DPK/2019